000 00452nab a2200145Ia 4500
003 ES-SlBCS
005 20210601135704.0
008 140529s1996 xxu||||| |||| 00| 0 spa d
041 _aspa
100 1 _aKotel'nikov, Vladimir A.
_9235391
245 0 0 _aEl primado de la espiritualidad monástica
_c Vladimir A. Kotel'Nikov
650 0 4 _aEspiritualidad Monástica Rusa
_9235392
773 0 _tConcilium
_gnº. 268, 1996, págs. 35-47
_wRev134
942 _cAR
999 _c632304
_d632304